Para resolver matemática 7º egb /
Guardado en:
| Autor Principal: | |
|---|---|
| Formato: | Libro |
| Publicado: |
Argentina :
Epsilon,
2002
|
| Materias: | |
| Etiquetas: |
Agregar Etiqueta
Sin Etiquetas, Sea el primero en etiquetar este registro!
|
| LEADER | 00820nam a22002295a 4500 | ||
|---|---|---|---|
| 001 | CEM.cems013772 | ||
| 005 | 20121203143021.0 | ||
| 008 | 130507s2002##################000#0#####d | ||
| 003 | CEMS | ||
| 020 | |a 9872015201 | ||
| 082 | 0 | 4 | |a 510 |
| 100 | 1 | |a Graziani, Estela | |
| 245 | 1 | 0 | |a Para resolver matemática 7º egb / |c Estela Graziani |
| 260 | |a Argentina : |b Epsilon, |c 2002 | ||
| 300 | |a 214 p. | ||
| 505 | 0 | |a Números naturales -- Números enteros -- Números fraccionarios positivos -- Lenguaje gráfico y algebraico -- Mediciones -- Perímetros y superficies de figuras -- Estadística | |
| 653 | |a Matemática | ||
| 653 | |a Números naturales | ||
| 653 | |a Números enteros | ||
| 653 | |a Números fraccionarios positivos | ||
| 653 | |a Estadística | ||
| 859 | |a CEMS |b BIB. CEMS - 11 de abril |h 510 |i G791 |p 26520.12 |t Ej.1 |v 7º |3 7º | ||
